Jakie Państwo graniczy z ... #1 - Statystyki

Ogólne statystyki
  • Ten quiz został rozwiązany 44 razy
  • Średni wynik to 8 z 15
Statystyki odpowiedzi
Zagadnienie Odpowiedź % Poprawnych
... Belgią Niemcy
100%
... Botswaną Namibia
78%
... Włochami Szwajcaria
78%
... Omanem Jemen
67%
... Peru Kolumbia
67%
... Niemcami Luksemburg
67%
... Turcją Iran
56%
... Indonezją Timor Wschodni
56%
... Senegalem Gambia
44%
... Chinami Kazachstan
44%
... Zambią Malawi
44%
... Gwatemalą Salwador
44%
... Mali Burkina Faso
22%
... Kirgistanem Chiny
22%
... Czadem Kamerun
22%
Nie znaleziono quizów pasujących do podanych kryteriów
Rozkład punktacji
Procent ludzi z każdym wynikiem
Percentyl według liczby udzielonych odpowiedzi
Twoja historia wyników
Nie rozwiązałeś tego quizu